000 004540000a22001810004500
041 0 _aSPA
082 0 4 _aG 266.0092 T8771r
100 1 _aTsai, Cristiana
245 1 0 _aLa reina de la cámara obscura / Cristiana Tsai
260 _aMéxico : de la Fuente
300 _a175 Pag.
650 1 4 _aMISIONEROS
001 555
942 _cBK
999 _c32071
_d32071
336 _atexto
_btxt
_2rdacontent
337 _2rdamedia
_asin mediación
_bn
338 _2rdacarrier
_avolumen
_bnc